000 00486nam a2200217Ia 4500
003 OSt
005 20221007111435.0
006 a|||||r|||| 00| 0
007 ta
008 221006b |||||||| |||| 00| 0 eng d
024 _a23,520
037 _cTextual
040 _aLCO
_cLCO
_beng
041 _2eng
_aeng
100 _aGupta
245 0 _aMercantile Law Reporter
260 _c1970
650 _aMERCANTILE
_9708319
942 _cTEXL
999 _c1193083
_d1193083